[Event "Troy op"]
[Site "Troy"]
[Date "2003.07.27"]
[Round "4"]
[White "English, Kurt M"]
[Black "Flanders, Doug"]
[Result "0-1"]
[WhiteElo "1447"]
[BlackElo "1583"]
[PlyCount "43"]
[EventDate "2003.07.25"]
[EventType "swiss"]
[EventRounds "5"]
[EventCountry "USA"]
[SourceTitle "EXT 2008"]
[Source "ChessBase"]
[SourceDate "2007.11.25"]
[SourceVersion "1"]
[SourceVersionDate "2007.11.25"]
[SourceQuality "1"]

1. e4 e5 2. Nf3 f5 3. Nxe5 Qf6 4. d4 d6 5. Nf3 fxe4 6. Qe2 d5 7. c4 c6 8. Nc3 Bb4 9. Bd2 Bxc3 10. Bxc3 Nh6 11. Ne5 0-0 12. f3 exf3 13. Nxf3 Bg4 14. 0-0-0 Nd7 15. cxd5 cxd5 16. Qb5 Bxf3 17. gxf3 Nb6 18. Bg2 Qg5+ 19. Rd2 Nc4 20. f4 Rxf4 21. Qxd5+ Nf7 22. Qxg5 0-1

[Event "Dallas Amateur op"]
[Site "Dallas"]
[Date "2001.10.28"]
[Round "5.12"]
[White "Flanders, Doug"]
[Black "Sanders, Robert H"]
[Result "1/2-1/2"]
[WhiteElo "1536"]
[BlackElo "1600"]
[PlyCount "102"]
[EventDate "2001.10.27"]
[EventType "swiss"]
[EventRounds "5"]
[EventCountry "USA"]
[SourceTitle "EXT 2004"]
[Source "ChessBase"]
[SourceDate "2003.11.25"]
[SourceVersion "1"]
[SourceVersionDate "2003.11.25"]
[SourceQuality "1"]

1. d4 d5 2. c4 Nf6 3. Nc3 e6 4. Nf3 Nbd7 5. Bg5 c6 6. e3 Qa5 7. c5 Ne4 8. Qc2 Nxg5 9. Nxg5 Nf6 10. f4 h6 11. Nf3 Ne4 12. Bd3 f5 13. 0-0 Be7 14. Bxe4 fxe4 15. Ne5 Bf6 16. Ng6 Rg8 17. a3 Kf7 18. Ne5+ Bxe5 19. fxe5+ Ke7 20. Qf2 Re8 21. Qf7+ Kd8 22. Qxg7 Bd7 23. Rf7 Qc7 24. Raf1 b6 25. Rf8 Kc8 26. R1f7 Rxf8 27. Qxf8+ Kb7 28. Qxh6 bxc5 29. Na4 Qa5 30. Nxc5+ Kb6 31. Nxd7+ Kb5 32. Nc5 Qe1+ 33. Rf1 Qe2 34. b3 Rg8 35. g3 a5 36. Qf4 Rh8 37. Qf2 Qh5 38. Nxe6 a4 39. bxa4+ Ka6 40. Nc5+ Ka7 41. Qf7+ Qxf7 42. Rxf7+ Ka8 43. Kg2 Rh6 44. a5 Rh8 45. a6 Rh6 46. a7 Rxh2+ 47. Kf1 Rh1+ 48. Ke2 Re1+ 49. Kd2 Rd1+ 50. Kc3 Rc1+ 51. Kb4 Rb1+ 1/2-1/2